İş ve hayat. (Record no. 200429685)
[ view plain ]
| 000 -LEADER | |
|---|---|
| fixed length control field | 01000cas a2200337 i 4500 |
| 001 - CONTROL NUMBER | |
| control field | 200429685 |
| 003 - CONTROL NUMBER IDENTIFIER | |
| control field | TR-AnTOB |
| 005 - DATE AND TIME OF LATEST TRANSACTION | |
| control field | 20190322123727.0 |
| 008 - FIXED-LENGTH DATA ELEMENTS--GENERAL INFORMATION | |
| fixed length control field | 160201c20159999tu d |
| 022 ## - INTERNATIONAL STANDARD SERIAL NUMBER | |
| International Standard Serial Number | 2547-9873 |
| 040 ## - CATALOGING SOURCE | |
| Original cataloging agency | ANKA |
| Language of cataloging | eng |
| Description conventions | rda |
| Transcribing agency | ANKA |
| Modifying agency | TR-AnTOB |
| 041 0# - LANGUAGE CODE | |
| Language code of text/sound track or separate title | Türkçe |
| 050 ## - LIBRARY OF CONGRESS CALL NUMBER | |
| Classification number | HD6958.5 |
| Item number | .I8 |
| 090 ## - LOCALLY ASSIGNED LC-TYPE CALL NUMBER (OCLC); LOCAL CALL NUMBER (RLIN) | |
| Classification number (OCLC) (R) ; Classification number, CALL (RLIN) (NR) | HD6958.5 |
| Local cutter number (OCLC) ; Book number/undivided call number, CALL (RLIN) | .I8 |
| 099 ## - LOCAL FREE-TEXT CALL NUMBER (OCLC) | |
| Classification number | JOURNAL ISV H |
| 222 ## - KEY TITLE | |
| Key title | İş ve hayat. |
| 245 00 - TITLE STATEMENT | |
| Title | İş ve hayat. |
| 246 14 - VARYING FORM OF TITLE | |
| Title proper/short title | İş ve hayat dergisi : |
| Remainder of title | ekonomi, hukuk ve sosyal politika. |
| 264 #1 - PRODUCTION, PUBLICATION, DISTRIBUTION, MANUFACTURE, AND COPYRIGHT NOTICE | |
| Place of production, publication, distribution, manufacture | Ankara : |
| Name of producer, publisher, distributor, manufacturer | Gıda ve Şeker Sanayi İşçileri Sendikası, |
| Date of production, publication, distribution, manufacture, or copyright notice | 2015- |
| 300 ## - PHYSICAL DESCRIPTION | |
| Extent | volumes ; |
| Dimensions | 24 cm. |
| 310 ## - CURRENT PUBLICATION FREQUENCY | |
| Current publication frequency | half yearly |
| 336 ## - CONTENT TYPE | |
| Content type term | text |
| Source | rdacontent |
| 337 ## - MEDIA TYPE | |
| Media type term | unmediated |
| Source | rdamedia |
| 338 ## - CARRIER TYPE | |
| Carrier type term | volume |
| Source | rdacarrier |
| 362 0# - DATES OF PUBLICATION AND/OR SEQUENTIAL DESIGNATION | |
| Dates of publication and/or sequential designation | Year 1,issue 1 (2015)- |
| 650 #0 - SUBJECT ADDED ENTRY--TOPICAL TERM | |
| Topical term or geographic name entry element | Industrial relations |
| Form subdivision | Periodicals |
| 9 (RLIN) | 25859 |
| Topical term or geographic name entry element | Endüstriyel ilişkiler |
| Form subdivision | Süreli yayınlar |
| 9 (RLIN) | 25856 |
| 856 ## - ELECTRONIC LOCATION AND ACCESS | |
| Uniform Resource Identifier | <a href="http://www.sekeris.org.tr/dergi/">http://www.sekeris.org.tr/dergi/</a> |
| 942 ## - ADDED ENTRY ELEMENTS (KOHA) | |
| Source of classification or shelving scheme | Library of Congress Classification |
| Koha item type | Continuing Resource |
| Serial record | 1 |
No items available.
